The APC (Record no. 102566)

MARC details
000 -LEADER
fixed length control field 01036cam a2200253 4500
001 - CONTROL NUMBER
control field ##L127095
008 - FIXED-LENGTH DATA ELEMENTS--GENERAL INFORMATION
fixed length control field 000000n2003 000 0 eng u
020 ## - INTERNATIONAL STANDARD BOOK NUMBER
International Standard Book Number 1842191217
035 ## - SYSTEM CONTROL NUMBER
System control number (Sirsi) u120795
041 0# - LANGUAGE CODE
Language code of text/sound track or separate title eng
050 04 - LIBRARY OF CONGRESS CALL NUMBER
Classification number 333.3307 $2 18
100 1# - MAIN ENTRY--PERSONAL NAME
Personal name Wilkinson, John
245 04 - TITLE STATEMENT
Title The APC
Remainder of title your practical guide to success
250 ## - EDITION STATEMENT
Edition statement 2nd ed.
260 ## - PUBLICATION, DISTRIBUTION, ETC.
Place of publication, distribution, etc. London
Name of publisher, distributor, etc. RICS
Date of publication, distribution, etc. 2003
300 ## - PHYSICAL DESCRIPTION
Extent xiv, 96p.
Dimensions 21cm.
350 ## - PRICE (NR) (BK AM CF MU VM SE) [OBSOLETE]
Price 16.50
520 ## - SUMMARY, ETC.
Summary, etc. A second, revised edition of this essential guide to the APC, which is officially endorsed by RICS. Aimed at candidates who have enrolled since July 2002 and based on the author's experiences, the guide covers the whole process from enrolment to final interview, including referral and the appeal system.
520 ## - SUMMARY, ETC.
Summary, etc. Supersedes first edition (ISBN 1842190377).
520 ## - SUMMARY, ETC.
Summary, etc. Superseded by third edition (ISBN 9781842193105).
690 ## - LOCAL SUBJECT ADDED ENTRY--TOPICAL TERM (OCLC, RLIN)
Topical term or geographic name as entry element CAREERS, EDUCATION AND TRAINING-QUALIFICATION ROUTES-ASSESSMENT OF PROFESSIONAL COMPETENCE
942 ## - ADDED ENTRY ELEMENTS (KOHA)
Suppress in OPAC 0
Holdings
Withdrawn status Lost status Source of classification or shelving scheme Damaged status Not for loan Home library Current library Shelving location Date acquired Total Checkouts Full call number Barcode Date last seen Date last checked out Copy number Price effective from Koha item type Cost, normal purchase price Cost, replacement price
    Dewey Decimal Classification     London London Basement 09/05/2003 44 333.3307 WIL 30067142 06/08/2019 21/08/2009 3 06/08/2019 Book    
    Dewey Decimal Classification     London London Basement 21/05/2003 34 333.3307 WIL 30067223 06/08/2019 08/07/2009 8 06/08/2019 Book 9.90 9.90
  Missing       London London Missing 04/08/2006 13 333.3307 WIL 30073173 06/08/2019 15/10/2009 11 06/08/2019 Book    
    Dewey Decimal Classification     London London RICS Boxes 27/04/2009   RICS 2003/15 30067140 06/08/2019   1 06/08/2019 Archive